000 00485cam a2200193ua 4500
020 _c14s net
041 _aeng
_h
082 _a338.5212
_bTAP/ME
100 _aTapas, Majumdar .
245 _aMeasurement of utility /
_cTapas majumdar.
_hTextual Documents
250 _a1 /
_b.
260 _aLondon :
_bMacMillan and Company Limited ,
_c1961.
300 _a143 ; .
365 _a14s net
504 _a
942 _cBK
999 _c11911
_d11911